Vista normal
Vista MARC
Entrada Materia (personas)
Número de registros utilizados en: 2
001 - CONTROL NUMBER
- control field: 141447
003 - CONTROL NUMBER IDENTIFIER
- control field: Co-BoUCM
005 - DATE AND TIME OF LATEST TRANSACTION
- control field: 20211022074659.0
008 - FIXED-LENGTH DATA ELEMENTS
- fixed length control field: 211022|| aca||aabn | a|a d
040 ## - CATALOGING SOURCE
- Original cataloging agency: Co-BoUCM
- Transcribing agency: Co-BoUCM
100 ## - HEADING--PERSONAL NAME
- Personal name: Mussolini, Benito Amilcare Andrea
- Dates associated with a name: 1883-1945
670 ## - SOURCE DATA FOUND
- Source citation: Work cat.: (Co-BoUCM)70732: Ebner, Michael R. 141446, Ordinary violence in Mussolini's Italy, 2011